[Event "Turnier 40 / 120"]
[Site "Wien"]
[Date "2024.10.04"]
[Round "19"]
[White "Fidelity Designer 2325"]
[Black "Mephisto Berlin 68000"]
[Result "1/2-1/2"]
[BlackElo "2128"]
[WhiteElo "2114"]

{Analyse: ----> Stockfish 16} 1. d4 d5 2. c4 c6 3. Nf3 Nf6 4. Nc3 dxc4 5.
a4 Bf5 6. e3 e6 7. Bxc4 Bb4 8. O-O O-O 9. Qe2 Nbd7 10. e4 Bg6 11. Bd3 Bh5
12. e5 Nd5 13. Nxd5 cxd5 14. Qe3 {Buchende} Bg6 {Buchende} 15. Bxg6
{Buchbewertung Fidelity Designer 2325: +0,64} hxg6 {Buchbewertung Mephisto
Berlin 68000: -0,18 / lt. Stockfish steht Weiss besser mit ca. +0,80} 16.
Bd2 Qe7 {besser ist Lxd2, Stockfish -1,10} 17. Rac1 {besser ist Lxb4,
Stockfish +0,70} Rac8 18. Rfe1 {klar vorzuziehen ist g3, Stockfish +0,30}
Nb6 19. Bxb4 Qxb4 20. b3 Rxc1 21. Rxc1 Rc8 22. Rxc8+ Nxc8 23. Qc1 {die
Stellung ist im Lot, Stockfish 0,00} Ne7 24. Qc7 f6 25. Qd6??? {ein
idiotischer Zug, nach dem Damentausch ist der Bauer im feindlichen Lager
ein Kind des Todes, wie soll der dort verteidigt werden ??, die Felder e5
und g5 sind abgedeckt und lassen den Springer nicht ins Spiel kommen,
danach ist die Partie bereits klar verloren, Stockfish -3,30} Qxb3??? {das
packt man einfach nicht, Mephisto Berlin 68000 erkennt diesen simplen
klaren Gewinn nicht und verschenkt postwendend einfach ALLES, Stockfish
-0,10} 26. Qxe6+ Kf8 27. h3 Qb1+ 28. Kh2 Qf5 29. Qd6 Qf4+ 30. Kh1 Qc1+ 31.
Ng1 Qc6 32. Qb8+ Nc8 33. Ne2 b6 34. Kh2 Ke7 35. Nf4 g5 36. Nh5 Kf7 37. f4
Kg6 38. exf6 gxf6 39. Ng3 {die Stellung ist Remis, Stockfish 0,00} Qd7 40.
fxg5 fxg5 41. Qe5 Ne7 42. Kg1 Ng8 43. Qe2 Nf6 44. Qc2+ Kf7 45. Nf5 Ne4 46.
Nh6+ Kg7 47. Ng4 Qb7 48. Qc1 Qd7 49. Kh2 Kh8 50. Qc2 a6 51. Kg1 Kg7 52. Ne5
Qb7 53. Qc1 b5 54. axb5 axb5 55. Qa3 b4 56. Qb3 Nc3 57. Nf3 Kf6 58. Kh2 Ne2
59. Qc2 Qb8+ 60. Kh1 Ng3+ 61. Kg1 Ne4 62. Qc6+ Qd6 63. Qe8 Qg3 64. Qf8+ Ke6
65. Qg8+ Ke7 66. Qg7+ Ke8 67. Qg6+ Ke7 68. Qh7+ Kd6 69. Qh8 Kd7 70. Qh6
Qf2+ 71. Kh2 Qg3+ 72. Kh1 Kc7 73. Qg7+?? {ein klarer Verlustzug, Stockfish
-4,00, Se5 ! hätte das Remis gesichert} Kb6 74. Qd7 b3?? {verschenkt den
Sieg, danach ist die Partie Remis, gewonnen hätte Dd6 !} 75. Ne5 Nf2+ 76.
Kg1 Nxh3+ 77. Kh1 Nf4 78. Qc6+ Ka7 79. Qa4+ Kb8 80. Qb5+ Ka8 81. Qa6+ Kb8
82. Qb5+ Ka8 83. Qa6+ Kb8 84. Qb5+ {Stellungswiederholung} 1/2-1/2
[/pgn]
[pgn]

[Event "Turnier 40 / 120"]
[Site "Wien"]
[Date "2024.10.05"]
[Round "20"]
[White "Mephisto Berlin 68000"]
[Black "Fidelity Designer 2325"]
[Result "1-0"]
[BlackElo "2114"]
[WhiteElo "2128"]

{Analyse: ----> Stockfish 16} 1. e4 c5 2. Nf3 e6 3. d4 cxd4 4. Nxd4 Nc6 5.
Nb5 d6 6. c4 Nf6 7. N1c3 a6 8. Na3 Be7 9. Be2 {Buchende} O-O {Buchende} 10.
Be3 {Buchbewertung Mephisto Berlin 68000: +0,24} Nd7 {Buchbewertung
Fidelity Designer 2325: +0,35 / besser ist d5 mit Ausgleich, lt. Stockfish
steht Weiss etwas besser mit ca. +0,50} 11. O-O Nc5 12. Qd2 Bf6 13. Nab1
Qc7 14. Rd1 Rd8 15. f3 Be5 16. Na3 b6 17. Nc2 d5? {ein schlechter Zug,
danach ist Weiss bereits klar im Vorteil, nötig ist a5 mit minimalem
Vorteil für Weiss, Stockfish -1,40} 18. cxd5? {deutlich besser ist exd5,
Stockfish +0,60} Bxh2+ 19. Kh1 Bg3 20. b4 Nb7 21. Na4? {ein schlechter Zug,
der ca. 1 Bauerneinheit einbüsst, Stockfish -0,30, deutlich besser ist Kg1}
b5?? {ein ganz schlechter Zug, der etwa 2 Bauerneinheiten einbüsst, danach
ist Weiss klar im Vorteil, Stockfish -1,70, nötig ist exd5 !} 22. Nb6 Rb8
23. Qc3 Ne7 {etwas besser ist Td6, Stockfish -1,90} 24. Qxc7 Bxc7 25. a4??
{ein ganz schlechter Zug, der den Grossteil des Vorteiles verspielt, nötig
ist Sxc8, Stockfish +0,40} bxa4??? {ein klarer Verlustzug, Stockfish -3,00,
nötig ist exd5 !} 26. Nxc8 Rdxc8 27. dxe6 {besser ist Lxa6, dennoch steht
Weiss klar auf Gewinn, Stockfish +2,50} Be5 28. exf7+ Kxf7 29. Bd4 Bf6 30.
Bxf6 gxf6 31. Nd4 {besser ist Se3, Stockfish +2,00} a5 32. bxa5 Nxa5 33.
Rxa4 Rc5?? {danach geht es steil bergab und die Partie ist klar verloren,
Stockfish -4,00, deutlich besser ist Sac6 mit ca. -2,00} 34. Ra2?? {ein
grottenschlechter Zug, der etwa 2,5 Bauerneinheiten einbüsst, Stockfish
+1,50, nötig ist f4 !} h5?? {ganz schlecht, büssst etwa 2 Bauerneinheiten
ein, danach ist die Partie wieder klar verloren, Stockfish -3,50, nötig ist
Td8 !} 35. Kg1? {ein schwacher Zug, der etwa 1 Bauerneinheit einbüsst, klar
zu bevorzugen ist Kh2, Stockfish +2,50} h4? {deutlich besser ist Td8,
Stockfish -3,30} 36. Kf2 {obwohl sich der König oftmals Richtung Zentrum
bewegen sollte, in diesem Fall die falsche Richtung, besser ist Kh2,
Stockfish +2,80} Rb4 37. Nc2 Rb8 38. Ne3 Nac6 39. Rh1 Rh8 40. Rb2 Na5 41.
Rb6 Rc3? {deutlich besser ist Tc7, Stockfish -3,60} 42. Rd6 Nac6 43. Ng4
{besser ist Lc4+, Stockfish +3,00} Ng8? {ein schlechter Zug, deutlich
besser ist noch Tc2, Stockfish -4,00} 44. Rhd1 Rh5 {etwas besser ist noch
h3, Stockfish -4,50} 45. Rd7+ Nce7 46. Ne3 Kg6 47. Ra7 h3 48. gxh3 Nc6?
{hier ist schon alles aus, Stockfish -7,00, besser ist noch Sc8, aber
rettet auch nichts mehr mit ca. -5,00} 49. Rc7 Nge7 50. Nd5 Rc5 51. Nxe7+
{Rest geschenkt} 1-0
[/pgn]
[pgn]

[Event "Turnier 40 / 120"]
[Site "Wien"]
[Date "2024.10.05"]
[Round "21"]
[White "Fidelity Designer 2325"]
[Black "Mephisto Berlin 68000"]
[Result "1/2-1/2"]
[BlackElo "2128"]
[WhiteElo "2114"]

{Analyse: -----> Stockfish 16} 1. e4 d6 2. d4 Nf6 3. Nc3 g6 4. f4 Bg7 5.
Nf3 {Buchende} c5 6. dxc5 {Buchbewertung Fidelity Designer 2325: +0,90} Qa5
7. Bb5+ Bd7 8. Bxd7+ Nbxd7 9. O-O Qxc5+ 10. Kh1 O-O 11. Qe2 Rac8 12. Be3
{besser ist e5} Qc4 {Buchende} 13. Qxc4 Rxc4 {Buchbewertung Mephisto Berlin
68000: +0,60 / lt. Stockfish etwa zutreffend} 14. Bxa7? {ein schlechter
Zug, danach ist Schwarz bereits klar im Vorteil, Stockfish -1,70, nötig ist
Sd2} Nxe4 15. Nxe4 Rxe4 16. Rfe1 Ra4? {ein ganz schlechter Zug, der nahezu
den gesamten Vorteil verspielt, Stockfish +0,20, nötig ist Txe1+, Txe1, b6
! und der weisse Läufer ist eingesperrt, dafür kann der Bauer e7 geopfert
werden.} 17. Rxe7 Rxa7 {minimal besser ist Td8, nach dem Textzug ist die
Stellung im Lot, Stockfish 0,00} 18. Rxd7 Bxb2 19. Re1 Rxa2 20. Rxb7 Bc3
21. Rd1 Rxc2 22. h3 Ba5 23. Rxd6 Bc7 24. Rd4 Ra8 25. Kh2 Raa2 26. Ne1 Rd2
27. Rc4 Bd6 28. Rb5? {ein schlechter Zug, danach ist Schwarz klar im
Vorteil, Stockfish -1,60, nötig ist h4 mit Ausgleich.} Kg7? {so aber nicht,
verspielt den Grossteil des Vorteiles, Stockfish +0,40, nötig ist Te2} 29.
Re4 Re2 30. Rxe2 Bxf4+ 31. Kg1 {etwas besser ist g3, Stockfish -0,50} Rxe2
32. Nf3 h5 33. Kf1 Ra2 34. Rb7 Kf8 {besser ist Lg3, Stockfish +0,20} 35. g4
hxg4 36. hxg4 Ra4 37. Kg2 Bd6 38. g5 Ra5 39. Kh3 Be7 40. Kg4 Ra4+ 41. Kg3
Rc4 42. Kh3 Rb4 43. Rd7 f5 44. gxf6 Bxf6 {danach ist das Remis besiegelt,
der letzte Bauer kann natürlich nicht mehr gewinnen, kann ja jederzeit von
Springer genommen werden im Notfall.} 45. Ra7 g5 46. Kg2 {Stockfish hätte
hier gleich Sxg5 gezogen, aber egal, es bleibt natürlich Remis} g4 47. Ne1
Rb2+ 48. Kg3 Re2 49. Ng2 Be5+ 50. Kxg4 {Userentscheid: Remis} 1/2-1/2
[/pgn]
[pgn]

[Event "Turnier 40 / 120"]
[Site "Wien"]
[Date "2024.10.06"]
[Round "22"]
[White "Mephisto Berlin 68000"]
[Black "Fidelity Designer 2325"]
[Result "0-1"]
[BlackElo "2114"]
[WhiteElo "2128"]

{Analyse: ----> Stockfish 16} 1. e4 e5 2. Nf3 Nc6 3. Bb5 a6 4. Ba4 d6 5.
Bxc6+ bxc6 6. d4 f6 7. Be3 Ne7 8. Nc3 Ng6 {Buchende} 9. Qd3 {Buchende} Bg4
{Buchbewertung Fidelity Designer 2325: -0,17} 10. Nd2 {Buchbewertung
Mephisto Berlin 68000: -0,24 / lt. Stockfish steht Weiss minimal besser mit
ca. +0,30} exd4 11. Qxd4 Be7 {besser ist c5, Stockfish -0,60} 12. O-O
{besser ist f4. die Stellung ist im Lot} Qd7? {klar zu bevorzugen ist c5,
Stockfish -0,90} 13. f3? {ein schlechter Zug, der etwa 1 Bauereinheit
einbüsst, Stockfish -0,10, das vertreibt den Läufer auf das sehr gute Feld
e6 danach kann Schwarz problemlos rochieren, nötig ist f4, dann würde das
eben nicht gehen, wegen der drohenden Gabel f5.} Be6 14. b3 O-O 15. Rfd1?
{der falsche Turm, klar zu bevorzugen ist Tad1, Stockfish -1,00} f5!
{richtig} 16. exf5 {besser ist Da4, nach dem Textzug ist Schwarz bereits
klar im Vorteil, Stockfish -1,50} Rxf5?? {ein ganz schlechter Zug, der
nahezu den gesamten Vorteil verspielt, selbstverständlich Lxf5 !, Stockfish
+0,30} 17. Nde4 Raf8 18. Qa4 {besser ist Sg3 mit Ausgleich, Stockfish
-0,70} a5 {vorzuziehen ist entweder d5 oder h5, nach dem Textzug ist die
Stellung im Lot.} 19. Nc5?? {ein ganz schlechter Zug, danach ist Schwarz
klar im Vorteil, Stockfish -1,50, nötig ist entweder Sg3 oder Se2, beides
wäre bereits eine Remisvariante mit folgender Stellungswiederholung gewesen
lt. Stockfish.} Qc8 20. Nxe6 Qxe6 21. Re1?? {lt. Stockfish bereits ein
klarer Verlustzug, -3,20, nötig ist Lf2} Bf6?? {so aber nicht, verspielt
den Grossteil des Vorteiles, Stockfish +0,60, gewonnen hätte Lh4 !} 22. Bd4
Bxd4+ {besser ist Df7, Stockfish +0,40} 23. Qxd4 Re5 {die falsche Figur,
nötig ist Se5, nach dem Textzug ist die Stellung im Lot.} 24. Rxe5 Nxe5 25.
Kh1 Qf5 26. Qd2?? {ein ganz schlechter Zug, danach ist Schwarz klar im
Vorteil, Stockfish -1,80, nötig ist De4 mit Ausgleich} Qf4?? {verschenkt
postwendend den gesamten Vorteil, danach ist die Stellung wieder im Lot,
gewonnen hätte Sxf3 !} 27. Qxf4 Rxf4 28. Rd1 d5 29. Kg1 Rf5 {besser ist
Kf7, Stockfish -0,60} 30. Ne2 {etwas besser ist Sa4, Stockfish +0,30} Kf7
31. a4 {etwas besser ist f4, nach dem Textzug ist die Stellung im Lot} Ng6
32. Kf2 Re5? {ein schlechter Zug, danach ist Weiss bereits klar im Vorteil,
Stockfish -1,20, nötig ist Tf6 mit minimalem Vorteil für Weiss mit ca.
-0,20} 33. Nd4 Ne7 34. f4? {deutlich besser ist Td3, Stockfish +0,60} Re4
35. g3 h6 36. h4 {etwas besser ist h3, Stockfish +0,30} g6 37. Nf3 Kg7??
{lt. Stockfish bereits ein klarer Verlustzug, -3,00, nötig ist c5 mit
minimalem Vorteil für Weiss mit ca. -0,30} 38. Ne5?? {so aber nicht,
verspielt, den Grossteil des Vorteiles, Stockfish +0,30, gewonnen hätte Te1
!} g5 39. Kf3 gxf4 40. gxf4 Kf6 41. Ng4+ Kg7 42. Nf2 Re6 43. h5 {die
Stellung ist im Lot, Stockfish 0,00} Nf5 44. c3 Re3+ 45. Kg4 Kf6 46. Rd3
Re1 47. b4 Ra1 48. bxa5 Rxa4 49. Kf3?? {lt. Stockfish bereits ein
Verlustzug, -3,00, nötig ist Td2 mit Ausgleich.} Rxa5 50. Ng4+ Ke6 51. Ne3
Ra1 {besser ist Ta4, Stockfish +2,80} 52. Rd1?? {ein absoluter Verlustzug,
danach ist alles aus, Stockfish -6,00, deutlich mehr Widerstand leistet
noch c4} Rxd1 53. Nxd1 c5 54. Nb2 Nd6 55. Kg4 c4 56. Kf3 c5 57. Na4 Ne4 58.
Ke3 Kd6 59. Kf3 Kc6 60. f5 Kb5 61. Nb2 Nxc3 62. Kf4 Ne2+ 63. Ke3 Nd4 64. f6
Ne6 65. f7 Kb4 {Stockfish Matt in 24} 66. Nd1 c3 67. Kd3 c4+ 68. Kc2 d4 69.
Kc1 Kb3 70. Nf2 d3 71. Ne4 {Mephisto Berlin 68000: -10,5 ---> aufgegeben /
Matt in 14} 0-1
[/pgn]
[pgn]

[Event "Turnier 40 / 120"]
[Site "Wien"]
[Date "2024.10.07"]
[Round "23"]
[White "Fidelity Designer 2325"]
[Black "Mephisto Berlin 68000"]
[Result "1-0"]
[BlackElo "2128"]
[WhiteElo "2114"]

{Analyse: ----> Stockfish 16} 1. f4 d5 2. Nf3 g6 3. e3 {Buchende} Bg4 4. h3
{Buchbewertung Fidelity Designer 2325: +0,08} Bxf3 {Buchende} 5. Qxf3 Bg7
{Buchbewertung Mephisto Berlin 68000: +0,06 / lt. Stockfish ist die
Stellung exakt im Lot 0,00} 6. Nc3 Nf6 7. e4 Nxe4 8. Nxe4 dxe4 9. Qxe4 c6
10. c3 e6 11. g3 Nd7 12. d4 O-O 13. Bd2 {besser ist Lg2, Stockfish -0,70}
Nf6 {besser ist c5, Stockfish +0,20} 14. Qf3 Qd5 15. Bg2 Qb5 16. O-O-O Qd5
{besser ist Tc8 mit Ausgleich, Stockfish -0,50} 17. Kb1 Qxf3 18. Bxf3 Rad8
19. Rh2 Nd5 20. Re1 Nb6 21. h4 {besser ist g4} Rd7? {ein schwacher Zug,
klar zu bevorzugen ist h5 mit Ausgleich, Stockfish -1,00} 22. h5 Nc4 23.
Bc1 Rfd8 24. hxg6 {besser ist g4, Stockfish +0,70} hxg6 25. Reh1? {das
bringt gar nichts, der vermeintliche Druck auf der offenen Linie geht
natürlich ins Leere, h8 ist vom Läufer gedeckt und auch der Angriff auf h7
ist sinnlos, der Läufer ist ja vom König gedeckt, Stockfish +0,30, besser
ist immer noch g4} Bf6 {besser ist f5, Stockfish -0,70} 26. Rh7 {wieder ist
g4 vorzuziehen, Stockfish +0,30} a5 {besser ist Lg7, Stockfish -0,80} 27.
b3 {besser wieder g4, Stockfish +0,30} Nb6 28. Ba3 {etwas besser ist immer
noch g4, nach dem Textzug ist die Stellung im Lot.} Nd5 29. Bb2 g5? {ein
schlechter Zug, klar zu bevorzugen ist b5 mit Ausgleich, Stockfish -1,00}
30. fxg5 Bxg5 31. Rh8+ {besser ist c4, Stockfish +0,70} Kg7 32. R8h5 Kg6
33. Be2 {besser ist g4, Stockfish +0,20} f5 {besser ist c5, Stockfish
-0,80} 34. R5h2? {das bringt gar nichts, danach ist die Stellung im Lot,
nötig ist g4} b5 35. c4 bxc4 36. Bh5+ Kg7 37. bxc4 Nf6 38. Bf3 c5??? {ein
absoluter Verlustzug, danach ist die Parie bereits klar verloren, Stockfish
-4,30, nötig ist Txd4 ! mit Ausgleich, das gibt die Qualität für einen
Bauern und kann nicht verlangt werden von einem Oldie, aber Mephisto Berlin
68000 verwirft leider auch im letzten Moment den weit besseren Zug Tb8,
danach wäre er nur mit ca. -0,60 im Nachteil gewesen.} 39. dxc5 Rd3 40. Bb7
Rd1+? {es ist ohnehin verloren, mehr Widerstand leistet noch Kg6, Stockfish
-6,50} 41. Rxd1 Rxd1+ 42. Kc2 Re1 43. c6 Re4 44. Ba6 e5 45. c7 Ng4 46. Rh1
Re2+ 47. Kb1 Nf2 48. Rg1 Nd3 49. Ba1 Be3 50. Rf1 {Stockfish Matt in 12} Rf2
51. Rxf2 Nxf2 {Mephisto Berlin 68000: -11,6 ----> aufgegeben !} 1-0
[/pgn]
[pgn]

[Event "Turnier 40 / 120"]
[Site "Wien"]
[Date "2024.10.07"]
[Round "24"]
[White "Mephisto Berlin 68000"]
[Black "Fidelity Designer 2325"]
[Result "1/2-1/2"]
[BlackElo "2114"]
[WhiteElo "2128"]

{Analyse: -----> Stockfish 16} 1. d4 e6 2. e4 d5 3. Nc3 Bb4 4. e5 c5
{Buchende} 5. Bd2 cxd4 {Buchbewertung Fidelity Designer 2325: +0,48} 6. Nb5
Bxd2+ {besser ist Lc5} 7. Qxd2 Nc6 8. f4 {Buchende} Nge7 9. Nd6+
{Buchbewertung Mephisto Berlin 68000: -0,06 der richtige Zug natürlich
nicht Sxd4, lt. Stockfish steht Weiss besser mit ca. +0,80} Kf8 10. Nf3 Qb6
{besser ist Ld7, Stockfish -1,20} 11. O-O-O {besser ist Ld3, Stockfish
+0,70} f6?? {lt. Stockfish bereits ein Verlustzug, -2,20, nötig ist Ld7}
12. exf6 {besser ist Ld3, aber Weiss bleibt klar im Vorteil, Stockfish
+1,70} gxf6 13. Nb5?? {ein ganz schlechter Zug, der den Grossteil des
Vorteiles verschenkt, Stockfish +0,30, natürlich f5 ! mit der Drohung Dh6+,
das kann Schwarz nur mit Kg7 verteidigen, dann folgt fxe6 und die schwarze
Bauernstruktur ist eine Katastrophe !} Nf5 14. Nbxd4 Ncxd4 15. Nxd4 Nxd4
16. Qxd4 Qxd4 17. Rxd4 b6 18. Bb5 Rg8 19. g3 Bb7 20. Re1 Ke7 21. Rd2 Rad8
22. Rde2 Rd6 23. Bd3 Rc8? {ein schlechter Zug, nach h5 wäre die Stellung im
Lot gewesen, Stockfish -1,30} 24. Bf5 Rcc6 25. Bxh7 Ba6 26. Rd2 Kf7 27. h4
Rc5?? {Verlustzug, danach ist die Partie bereits klar verloren, Stockfish
-3,00, nötig ist Kg7 mit ca. -1,20} 28. h5 Kg7 29. Be4 {etwas besser ist
Lg6+, Stockfish +2,80} f5 30. Bf3 Kh7? {deutlich besser ist noch Tc4,
Stockfish -4,00} 31. Kb1?? {ein ganz schlechter Zug, der den Vorteil von
Weiss nahezu halbiert, Stockfish +2,20, nötig ist g4 !} Rc7 32. Be2?? {ein
Katastrophenzug, der praktisch den gesamten Vorteil verschenkt, Stockfish
+0,20, nötig ist Tg2 mit ca. +2,50} Bb7?? {Verlustzug, danach ist die
Partie wieder klar verloren, Stockfish -3,00, jeder Mensch hätte hier wohl
sofort den richtigen Zug, Lxe2 ! gespielt, mit Ausgleich} 33. g4 fxg4 34.
Bxg4 Rg7 35. Bh3 Bc8 36. Rde2 Rg3 37. Re3 Rxe3 38. Rxe3 Rc6 39. c3 Kh6 40.
Re5 Rd6 {da ist nichts mehr zu holen für Schwarz, Stockfish -5,00} 41. a3??
{ein ganz schlechter Zug, der ca. 2 Bauerneinheiten einbüsst, Stockfish
+3,00, nötig ist Kc2} d4 42. Kc2 Rc6 {besser ist dxc3, Stockfish -3,50} 43.
Bg4 dxc3 44. bxc3??? {ein Katastrophenzug, der nahezu den gesamten Vorteil
verschenkt, danach ist ein Sieg in weiter Ferne, Stockfish +0,30, nötig ist
b3 !} Rc4 45. Rg5 Rxf4 46. Rg6+ Kh7 47. Bxe6 Bb7! {richtig, verloren hätte
der Zugvorschlag von Mephisto Berlin 68000, Lxe6 ?} 48. Bg8+ Kh8 49. Rg5
Rf2+ 50. Kd3 Rf3+ 51. Kc4 Rf4+ 52. Kb5 Bc8 53. Bb3 Kh7 {etwas besser ist
Ld7+ mit Ausgleich, Stockfish -0,40} 54. Bd1 Rf1?? {lt. Stockfish bereits
ein Verlustzug, -2,00, nötig ist Ld7+ mit Ausgleich} 55. Rd5 Rf6 56. Rd8
Bf5 57. Ka6 Rf7 58. Rd6?? {verschenkt einfach alles, Stockfish +0,10, nötig
ist Le2 !} Rc7 59. c4 Re7??? {Verlustzug, Stockfish -3,00, Txc4 ! und die
Partie ist Remis.} 60. a4 Rc7 61. Bf3??? {verschenkt alles, danach ist die
Partie Remis, Stockfish 0,00, gewonnen hätte Le2 mit ca. +4,00} Rxc4 62.
Kxa7 Rxa4+ 63. Kxb6 Ra3 64. Be2 Rc3 65. Rf6 Be4 66. Bg4 Rc6+! {hier
überrascht mich Fidelity Designer 2325, er kennt das Motiv vom falschen
Läufer und sieht hier das Remis trotz Figur + Bauer gegen sich !} 67. Rxc6
Bxc6 68. Kxc6 {Mephisto Berlin 68000 kennt das Motiv nicht, Bewertung +2,00
? / Userentscheid: Remis} 1/2-1/2
[/pgn]
[pgn]

[Event "Turnier 40 / 120"]
[Site "Wien"]
[Date "2024.10.08"]
[Round "25"]
[White "Fidelity Designer 2325"]
[Black "Mephisto Berlin 68000"]
[Result "1-0"]
[BlackElo "2128"]
[WhiteElo "2114"]

{Analyse: ----> Stockfish 16} 1. e4 c5 2. Nf3 d6 3. d4 cxd4 4. Nxd4 Nf6 5.
Nc3 a6 6. Bg5 e6 7. Qf3 {Buchende} Nbd7 {Buchende} 8. Be2 {Buchbewertung
Fidelity Designer 2325: +0,35} h6 {Buchbewertung Mephisto Berlin 68000:
-0,42 / lt. Stockfish ist die Stellung etwa gleich} 9. Be3 Ne5? {ein
schlechter Zug, klar zu bevorzugen ist e5 mit Ausgleich, Stockfish -1,20}
10. Qg3 b5? {ganz schwach, lt. Stockfish ist die Partie damit praktisch
schon verloren, -2,00, deutlich besser ist h5} 11. f4 Nc4 12. e5? {ganz
schwach, verspielt etwa 3/4 des Vorteiles, Stockfish +0,50, nötig ist Lxc4}
dxe5 13. fxe5 Nd5? {ganz schlecht, stellt den ursprünglichen Zustand wieder
her, Stockfish -2,00, nötig ist Sxe3 !} 14. Bxc4? {verspielt neuerlich fast
den kompletten Vorteil, Stockfish +0,30, nötig ist Sxd5 !} bxc4 {besser ist
Sxe3, Stockfish -0,60} 15. Nxd5 exd5?? {lt. Stockfish bereits ein klarer
Verlustzug, -3,30, nötig ist Dxd5 !} 16. O-O Qe7 17. Rf2 Be6 18. Raf1 g5?
{deutlich besser ist noch 0-0-0, nach dem Textzug ist bereits alles aus,
Stockfish -6,00} 19. Nxe6 fxe6 20. Qh3 O-O-O 21. b3? {ein schlechter Zug,
der etwa 2 Bauerneinheiten einbüsst, deutlich besser ist Tf7, dennoch steht
Weiss klar auf Gewinn, Stockfish +4,20} cxb3? {deutlich besser ist noch
Tg8, Stockfish -6,00} 22. Rf7 Qe8 23. cxb3? {ein schlechter Zug, der etwa
1,6 Bauerneinheiten einbüsst, deutlich stärker ist Ld4, dennoch steht Weiss
klar auf Gewinn, Stockfish +4,40} Bb4??? {ein absoluter Katastrophenzug !,
spätestens danach ist alles aus, Stockfish -96,00, das erlaubt es Weiss
seinen 2. Turm auf die Reihe 7 des Gegners zu bringen, danach kann man auf
jeden weiteren Kommentar verzichten, nötig ist Kb8 um Tfc1+ zu verhindern
!} 24. Rc1+ Kb8 25. Rcc7 Ba3 {länger überlebt noch Dxf7, ist aber hier
völlig egal, Stockfish Matt in 11} 26. Bb6 Bb4 27. Rb7+ Ka8 28. Bxd8? {zum
Matt in 10 hätte Ta7+ geführt, aber natürlich gewinnt auch der Textzug
klar, Stockfish +6,50} Bc5+? {völlig falsch, danach ist wieder Matt in 10,
nötig ist Dc6 !} 29. Kh1 Rf8 30. Qd3 Qc6 {Mephisto Berlin 68000: -13,8
----> aufgegeben / Matt in 8} 1-0
[/pgn]
[pgn]